000 00694cam a2200205 4500
001 WB3608-15
008 000000n2000 000 0 eng u
035 _a(Sirsi) u104348
245 _aLondon land supply cut back
260 _c2000
490 _aEstates Gazette
_v(0007) 19 February 2000, 46(1)
520 _aFPDSavills latest "Central London residential development survey" reveals that the demand for new-build property in 1999 means land supply for future housing development in London has reached an all time low.
590 _aWB
650 _aLAND SUPPLY
650 _aFPDSAVILLS
650 _aLONDON
650 _aNEW BUILD
690 _aHOUSING-DEVELOPMENT
942 _n0
999 _c62600
_d62600